[Event "Torneo FreeTUR"]
[Site "Torino ITA"]
[Date "2007.11.06"]
[Round "1"]
[White "Colamartino, Gianfranco"]
[Black "Domenichelli, Serafino"]
[Result "0-1"]
[WhiteElo "1440"]
[BlackElo "1730"]
[PlyCount "91"]
[EventDate "2007.11.06"]

1. e4 c5 2. Nf3 Nc6 3. d4 cxd4 4. Nxd4 Nf6 5. Nc3 e6 6. Ndb5 d6 7. Bf4 e5 8.
Bg5 Be6 9. Bxf6 gxf6 10. Nd5 Rc8 11. Ne3 a6 12. Nc3 Nd4 13. Ncd5 f5 14. c3 Bxd5
15. Nxd5 fxe4 16. cxd4 Bg7 17. Ne3 exd4 18. Nc4 b5 19. Nd2 Qa5 20. Qg4 O-O 21.
Be2 e3 22. O-O exd2 23. Bd3 Rc5 24. a3 Qc7 25. Rad1 f5 26. Qe2 Bh6 27. Qe6+ Kg7
28. f4 Rc1 29. g3 Rf6 30. Qe2 Rc5 31. Qxd2 Re6 32. Rfe1 Qe7 33. Rxe6 Qxe6 34.
Re1 Re5 35. Rxe5 dxe5 36. Bf1 Qd6 37. fxe5 Qxe5 38. Qe2 Qxe2 39. Bxe2 Bc1 40.
b3 Bxa3 41. Kf2 Kf6 42. Bd3 h6 43. h3 Ke5 44. Kf3 Bc1 45. g4 fxg4+ 46. hxg4 0-1

[Event "Torneo FreeTUR"]
[Site "Torino ITA"]
[Date "2007.11.06"]
[Round "1"]
[White "Fassio, Francesco"]
[Black "Raimondi, Andrea"]
[Result "1-0"]
[WhiteElo "1732"]
[BlackElo "1443"]
[PlyCount "63"]
[EventDate "2007.11.06"]

1. c4 e5 2. Nc3 Nf6 3. g3 Bc5 4. Bg2 d6 5. e3 Nc6 6. Nge2 a6 7. d4 exd4 8. exd4
Ba7 9. O-O Bf5 10. a3 Rb8 11. b4 Ne7 12. Bg5 Nc8 13. Nd5 Nb6 14. Bxf6 gxf6 15.
Ne3 Bg6 16. Nf4 O-O 17. Re1 c6 18. Rc1 Kg7 19. Qg4 Nd7 20. Nf5+ Kg8 21. h4 Bxd4
22. Nxd4 Ne5 23. Qd1 Re8 24. h5 c5 25. hxg6 cxd4 26. gxh7+ Kh8 27. Qxd4 Kxh7
28. Nd5 f5 29. Ne3 Rg8 30. Nxf5 Rg4 31. Re4 Qg5 32. Rxg4 1-0

[Event "Torneo FreeTUR"]
[Site "Torino ITA"]
[Date "2007.11.06"]
[Round "1"]
[White "Gussone, Claudio"]
[Black "Gariglio, Marco"]
[Result "1-0"]
[WhiteElo "1876"]
[BlackElo "1491"]
[PlyCount "41"]
[EventDate "2007.11.06"]

1. Nf3 d5 2. d4 e6 3. g3 Nf6 4. Bg2 Nc6 5. O-O Bd6 6. c4 b6 7. Bg5 h6 8. Bxf6
Qxf6 9. cxd5 exd5 10. Nc3 Be6 11. e4 dxe4 12. Nxe4 Qf5 13. Nh4 Qa5 14. Rc1
O-O-O 15. Qc2 Kd7 16. Nxd6 Kxd6 17. Bxc6 Qb4 18. Nf5+ Bxf5 19. Qxf5 Qa5 20.
Qf4+ Ke6 21. Rfe1+ 1-0

[Event "Torneo FreeTUR"]
[Site "Torino ITA"]
[Date "2007.11.06"]
[Round "1"]
[White "Liviabella, Lucio"]
[Black "Gallucci, Alessio"]
[Result "0-1"]
[WhiteElo "1571"]
[BlackElo "2076"]
[PlyCount "94"]
[EventDate "2007.11.06"]

1. e4 c5 2. Nf3 d6 3. d4 cxd4 4. Nxd4 Nf6 5. Nc3 g6 6. f3 Bg7 7. Be3 Nc6 8. Qd2
O-O 9. h4 d5 10. Nxc6 bxc6 11. Bh6 Bxh6 12. Qxh6 Qb6 13. O-O-O Rb8 14. Na4 Qb4
15. b3 Qa3+ 16. Kb1 Qxa4 17. e5 Nh5 18. g4 Qf4 19. Qxf4 Nxf4 20. g5 Bf5 21. Rd4
Ne6 22. Ra4 Rb7 23. Bg2 Rfb8 24. Kc1 Nc5 25. Ra5 Nd7 26. f4 Kf8 27. h5 Kg7 28.
Ra6 Nb6 29. a4 Rc7 30. h6+ Kf8 31. Ra5 e6 32. Rc5 Nd7 33. Rc3 Rb4 34. Rf1 Ke7
35. Kb2 a5 36. Rf2 Nb6 37. Ka3 c5 38. Bf1 c4 39. Rd2 Nd7 40. bxc4 Nc5 41. cxd5
Rxa4+ 42. Kb2 Rb7+ 43. Rb3 Nxb3 44. d6+ Kd8 45. cxb3 Rab4 46. Bg2 Rxb3+ 47. Ka2
Bb1+ 0-1

[Event "Torneo FreeTUR"]
[Site "Torino ITA"]
[Date "2007.11.06"]
[Round "1"]
[White "Malano, Francesco"]
[Black "Gatti, Franco"]
[Result "1-0"]
[WhiteElo "1967"]
[BlackElo "1499"]
[PlyCount "33"]
[EventDate "2007.11.06"]

1. Nf3 Nf6 2. g3 g6 3. b4 Bg7 4. Bb2 O-O 5. Bg2 d6 6. c4 c6 7. O-O Qb6 8. Qb3
Na6 9. a3 d5 10. d3 dxc4 11. Qxc4 Be6 12. Qh4 h6 13. Nbd2 g5 14. Nxg5 hxg5 15.
Qxg5 Qb5 16. Qh4 Qh5 17. Bxf6 1-0

[Event "Torneo FreeTUR"]
[Site "Torino ITA"]
[Date "2007.11.06"]
[Round "1"]
[White "Parisi, Gianmario"]
[Black "Di Stefano, Salvatore"]
[Result "1-0"]
[WhiteElo "1647"]
[BlackElo "1404"]
[PlyCount "69"]
[EventDate "2007.11.06"]

1. e4 e5 2. Nf3 Nc6 3. Bb5 Nf6 4. O-O Nxe4 5. d4 a6 6. Bxc6 bxc6 7. Re1 Nf6 8.
Nxe5 Be7 9. Bg5 O-O 10. Nd2 Bb7 11. Ndf3 d6 12. Nd3 Re8 13. c4 h6 14. Bf4 a5
15. Qc2 Bc8 16. Nc1 Bg4 17. Nd2 Qd7 18. Ne2 Bf5 19. Qd1 Rab8 20. b3 c5 21. dxc5
d5 22. Be3 Rbd8 23. Nd4 Bxc5 24. Nxf5 Bxe3 25. Nxe3 dxc4 26. Ndxc4 Qxd1 27.
Raxd1 Rxd1 28. Rxd1 Ne4 29. f3 Nc3 30. Rd2 g5 31. Kf2 g4 32. Nxg4 Kg7 33. a4 h5
34. Nge3 Kg6 35. Rc2 1-0

[Event "Torneo FreeTUR"]
[Site "Torino ITA"]
[Date "2007.11.06"]
[Round "1"]
[White "Pizzul, Aleksandar"]
[Black "Di Chiara, Mauro"]
[Result "1-0"]
[WhiteElo "1449"]
[BlackElo "1747"]
[PlyCount "44"]
[EventDate "2007.11.06"]

1. d4 d6 2. Nf3 f5 3. e3 Nf6 4. Be2 g6 5. Nbd2 Bg7 6. c3 O-O 7. Qb3+ d5 8. O-O
a5 9. a4 Nbd7 10. e4 Nxe4 11. Nxe4 fxe4 12. Qxd5+ Kh8 13. Qxe4 Nf6 14. Qh4 Bf5
15. Ng5 Qd7 16. h3 Rae8 17. Bf4 c6 18. Be5 e6 19. Rac1 b5 20. axb5 cxb5 21.
Bxb5 Qxb5 22. Bxf6 h6 1-0

[Event "Torneo FreeTUR"]
[Site "Torino ITA"]
[Date "2007.11.06"]
[Round "1"]
[White "Portaro, Gaetano"]
[Black "Bosetti, Roberto"]
[Result "0-1"]
[WhiteElo "1428"]
[BlackElo "1692"]
[PlyCount "82"]
[EventDate "2007.11.06"]

1. d4 Nf6 2. Nf3 e6 3. Bf4 d5 4. e3 Be7 5. Bd3 O-O 6. Ne5 Nbd7 7. Nd2 c5 8. c3
Nxe5 9. Bxe5 b6 10. O-O Bb7 11. h3 Bd6 12. Nf3 Bxe5 13. Nxe5 Qd6 14. Re1 Rfd8
15. Qc2 g6 16. Nxg6 hxg6 17. Bxg6 Ne4 18. Bh5 f5 19. Qe2 Rd7 20. Bf3 Ng5 21.
Bh5 Rg7 22. Kh1 Ne4 23. Bf3 Ng5 24. Bh5 Rf8 25. Rf1 Rf6 26. f4 Ne4 27. Rf3 Rh6
28. Be8 Ng3+ 29. Rxg3 Rxg3 30. Qf2 Rg7 31. a4 Bc6 32. Bxc6 Qxc6 33. b4 cxb4 34.
cxb4 Qc3 35. Rb1 Qa3 36. a5 bxa5 37. bxa5 Qxa5 38. Qc2 Qc7 39. Qd2 Rhg6 40. Rg1
Rg3 41. Qe1 Qc2 0-1

[Event "Torneo FreeTUR"]
[Site "Torino ITA"]
[Date "2007.11.06"]
[Round "1"]
[White "Ragni, Paolo"]
[Black "Pitrola, Carlo"]
[Result "1-0"]
[WhiteElo "2169"]
[BlackElo "1602"]
[PlyCount "73"]
[EventDate "2007.11.06"]

1. e4 e6 2. d3 d5 3. Nd2 Nf6 4. g3 c5 5. Ngf3 b6 6. Bg2 dxe4 7. Ng5 Bb7 8. O-O
Qc7 9. Ndxe4 Nxe4 10. Nxe4 Be7 11. Bf4 Qd7 12. Qg4 g6 13. Be5 f5 14. Qf4 Rf8
15. Nd6+ Bxd6 16. Bxb7 Qxb7 17. Bxd6 Rf6 18. Be5 Rf7 19. Rfe1 Nc6 20. Bc3 Re7
21. Bf6 Nd4 22. Bxd4 cxd4 23. Qxd4 Rd8 24. Qf6 Qd5 25. Re5 Qd6 26. Rae1 Kd7 27.
R1e3 Rde8 28. Qh4 Qc6 29. c3 Qd6 30. Qa4+ Kd8 31. Qc4 Kd7 32. d4 Qc6 33. Qb4 a5
34. Qb3 Qd6 35. d5 g5 36. dxe6+ Kc7 37. Qc4+ 1-0

[Event "Torneo FreeTUR"]
[Site "Torino ITA"]
[Date "2007.11.06"]
[Round "1"]
[White "Rossotto, Bruno"]
[Black "Cacinschi, Alexandru"]
[Result "0-1"]
[WhiteElo "1401"]
[BlackElo "1630"]
[PlyCount "62"]
[EventDate "2007.11.06"]

1. d4 d5 2. c4 c6 3. Nc3 Nf6 4. e3 e6 5. Bd3 Nbd7 6. Nf3 dxc4 7. Bxc4 b5 8. Bd3
a6 9. a3 c5 10. Ne4 Bb7 11. Nxc5 Nxc5 12. dxc5 Bxc5 13. b4 Be7 14. Bb2 O-O 15.
O-O Bxf3 16. gxf3 Qd5 17. e4 Qg5+ 18. Kh1 Qf4 19. Rg1 Rfd8 20. Bc1 Qe5 21. Be3
Qc3 22. Rxg7+ Kxg7 23. Qg1+ Kh8 24. Bh6 Rg8 25. Qf1 Rg6 26. Rc1 Qxa3 27. e5
Rxh6 28. exf6 Bxf6 29. Be4 Rg8 30. f4 Qh3 31. Qxh3 Rxh3 0-1

[Event "Torneo FreeTUR"]
[Site "Torino ITA"]
[Date "2007.11.06"]
[Round "1"]
[White "Savarese, Ciro"]
[Black "Longo, Enrico"]
[Result "1-0"]
[WhiteElo "1416"]
[BlackElo "1703"]
[PlyCount "131"]
[EventDate "2007.11.06"]

1. e4 g6 2. f4 Bg7 3. Nf3 d5 4. e5 Bg4 5. Bb5+ c6 6. Ba4 Nd7 7. d4 Nh6 8. O-O
b5 9. Bb3 Qb6 10. c3 O-O 11. Be3 a5 12. Na3 Bf5 13. h3 b4 14. Nb1 Be4 15. Nbd2
Nf5 16. Bf2 Bh6 17. Nxe4 dxe4 18. Ng5 e3 19. Be1 e6 20. Ne4 c5 21. g4 Ne7 22.
Qd3 a4 23. Bc4 cxd4 24. cxd4 e2 25. Rf2 Rfd8 26. g5 Bf8 27. Rxe2 Nf5 28. Bf2
Qb7 29. Rd1 Nb6 30. Nf6+ Kg7 31. h4 Nxc4 32. Qxc4 Qf3 33. d5 Ng3 34. Bxg3 Qxg3+
35. Kh1 Qf3+ 36. Kh2 Rac8 37. Qe4 Qxe4 38. Nxe4 exd5 39. Nf6 d4 40. Kg3 d3 41.
Red2 Rc2 42. Rxd3 Rxd3+ 43. Rxd3 Rxb2 44. Rd7 Rxa2 45. e6 Ra3+ 46. Kg4 h5+ 47.
Nxh5+ gxh5+ 48. Kxh5 b3 49. Rxf7+ Kg8 50. Rb7 b2 51. Rxb2 Rb3 52. Rc2 a3 53.
Rc8 Rb7 54. Ra8 Re7 55. f5 Rh7+ 56. Kg4 Rb7 57. f6 Rb4+ 58. Kh5 a2 59. Rxa2 Kh7
60. Ra7+ Kg8 61. Ra8 Kh7 62. g6+ Kg8 63. g7 Rb5+ 64. Kg6 Rg5+ 65. Kxg5 Kh7 66.
h5 1-0

[Event "Torneo FreeTUR"]
[Site "Torino ITA"]
[Date "2007.11.06"]
[Round "1"]
[White "Tallarico, Pierfrancesco"]
[Black "Martin, Tiziano"]
[Result "1/2-1/2"]
[WhiteElo "1518"]
[BlackElo "2019"]
[PlyCount "105"]
[EventDate "2007.11.06"]

1. c4 e5 2. Nc3 c6 3. Nf3 d6 4. d4 Qc7 5. g3 f5 6. Bg2 Nf6 7. O-O Be7 8. Qb3 e4
9. Ng5 h6 10. Nh3 g5 11. f3 Na6 12. fxe4 fxe4 13. Nf2 Qb6 14. Qxb6 axb6 15.
Nfxe4 O-O 16. Nxf6+ Bxf6 17. e3 Bg4 18. Bd2 Rae8 19. Ne4 Be7 20. Rxf8+ Rxf8 21.
Rf1 Rxf1+ 22. Bxf1 Bf5 23. Nc3 Bf6 24. a3 Nb8 25. d5 Nd7 26. dxc6 bxc6 27. Bg2
Ne5 28. e4 Be6 29. b3 Kf7 30. Ne2 Bg4 31. Nd4 Nxc4 32. bxc4 Bxd4+ 33. Kh1 Be5
34. Kg1 Ke7 35. Kf2 c5 36. Ke3 Bb2 37. Kd3 Kf6 38. Bc3+ Bxc3 39. Kxc3 Ke5 40.
Kd3 Bd1 41. Bh3 g4 42. Bg2 Bf3 43. Bxf3 gxf3 44. Ke3 f2 45. Kxf2 Kxe4 46. g4 d5
47. cxd5 Kxd5 48. Ke3 b5 49. Kd3 Ke5 50. Ke3 b4 51. axb4 cxb4 52. h4 b3 53. Kd2
1/2-1/2

[Event "Torneo FreeTUR"]
[Site "Torino ITA"]
[Date "2007.11.13"]
[Round "2"]
[White "Biancotti, Alessandro"]
[Black "Gussone, Claudio"]
[Result "0-1"]
[WhiteElo "1828"]
[BlackElo "1876"]
[PlyCount "82"]
[EventDate "2007.11.06"]

1. e4 d6 2. d4 Nf6 3. Nc3 g6 4. Be2 Bg7 5. Be3 O-O 6. f3 e5 7. d5 Nh5 8. Qd2 f5
9. O-O-O f4 10. Bf2 Nd7 11. g4 Nhf6 12. h4 h5 13. Nh3 Nc5 14. Rdg1 hxg4 15.
Bxc5 gxh3 16. Bf2 Kh7 17. Bf1 Nh5 18. Bxh3 Ng3 19. Bxg3 fxg3 20. Rxg3 Bh6 21.
Rg5 Bxg5 22. hxg5 Bxh3 23. Rxh3+ Kg7 24. b3 a6 25. Ne2 Rh8 26. Rg3 Rh2 27. Qe3
c6 28. f4 cxd5 29. exd5 Qc7 30. Qd3 Rc8 31. Rf3 Qe7 32. Qe4 Rh4 33. Nd4 Kh7 34.
Qe1 Rh5 35. Re3 Qc7 36. fxe5 Qc5 37. Rd3 Qxd5 38. Nf3 Qxd3 39. Qf2 Rh1+ 40. Kb2
Qc3+ 41. Ka3 Rc5 0-1

[Event "Torneo FreeTUR"]
[Site "Torino ITA"]
[Date "2007.11.13"]
[Round "2"]
[White "Bosetti, Roberto"]
[Black "Diana, Riccardo"]
[Result "0-1"]
[WhiteElo "1692"]
[BlackElo "2070"]
[PlyCount "68"]
[EventDate "2007.11.06"]

1. d4 Nf6 2. c4 c5 3. d5 e6 4. Nc3 exd5 5. cxd5 d6 6. e4 g6 7. Be2 Bg7 8. Nf3
O-O 9. O-O Re8 10. Qc2 Na6 11. Bxa6 bxa6 12. Bg5 h6 13. Be3 Rb8 14. Nd2 Ng4 15.
Bf4 Ne5 16. Rad1 Rxb2 17. Qxb2 Nd3 18. Qc2 Nxf4 19. Nc4 Bxc3 20. Kh1 Bg7 21.
Rfe1 g5 22. Qb3 Bd4 23. f3 Qc7 24. Rb1 Kg7 25. g3 Nh3 26. Kg2 Nf2 27. g4 Qe7
28. Re2 h5 29. h3 hxg4 30. hxg4 Nxg4 31. fxg4 Bxg4 32. Ree1 Rh8 33. Qb7 Bh3+
34. Kg3 Qf6 0-1

[Event "Torneo FreeTUR"]
[Site "Torino ITA"]
[Date "2007.11.13"]
[Round "2"]
[White "Bovero, Ezio"]
[Black "Longo, Enrico"]
[Result "1/2-1/2"]
[WhiteElo "1452"]
[BlackElo "1703"]
[PlyCount "117"]
[EventDate "2007.11.06"]

1. e4 g6 2. d4 d6 3. f4 Bg7 4. Be3 c5 5. c3 Nd7 6. Nf3 Ngf6 7. Nbd2 O-O 8. h3
cxd4 9. cxd4 Qa5 10. Bd3 Rb8 11. O-O a6 12. a3 b5 13. g4 Bb7 14. Qe2 Rfc8 15.
Rac1 Qd8 16. d5 Nc5 17. Bc2 Rc7 18. b4 Ncd7 19. Qd3 Rbc8 20. Bd4 Ne8 21. Bxg7
Nxg7 22. Nb1 Nb6 23. Nfd2 Na4 24. Kf2 Nb2 25. Qb3 Nc4 26. Nxc4 Rxc4 27. Ke2 Qb6
28. Qb2 Qd8 29. Bd3 R4c7 30. Rxc7 Rxc7 31. Rc1 h5 32. Rxc7 Qxc7 33. Qc3 Qd7 34.
Kf3 hxg4+ 35. hxg4 Bc8 36. f5 Ne8 37. Qc6 Qxc6 38. dxc6 gxf5 39. gxf5 e6 40.
Nc3 Kf8 41. fxe6 fxe6 42. Kf4 Ke7 43. Be2 Kd8 44. e5 d5 45. a4 bxa4 46. Nxa4
Kc7 47. b5 axb5 48. Bxb5 Ng7 49. Nc3 Nf5 50. Ne2 Kb6 51. Bd3 Ne7 52. Nd4 Kc5
53. Nb5 Kxc6 54. Na7+ Kc5 55. Nxc8 Nxc8 56. Ke3 Nb6 57. Bf1 Nc4+ 58. Kf4 Kd4
59. Bh3 1/2-1/2

[Event "Torneo FreeTUR"]
[Site "Torino ITA"]
[Date "2007.11.13"]
[Round "2"]
[White "Cacinschi, Alexandru"]
[Black "Malano, Francesco"]
[Result "1/2-1/2"]
[WhiteElo "1630"]
[BlackElo "1967"]
[PlyCount "29"]
[EventDate "2007.11.06"]

1. e4 c5 2. Nf3 e6 3. d4 cxd4 4. Nxd4 Nf6 5. Nc3 Bb4 6. e5 Qc7 7. exf6 Bxc3+ 8.
bxc3 Qxc3+ 9. Bd2 Qxd4 10. fxg7 Qxg7 11. g3 Qe5+ 12. Be2 b6 13. O-O Bb7 14. Bf3
d5 15. Bf4 1/2-1/2

[Event "Torneo FreeTUR"]
[Site "Torino ITA"]
[Date "2007.11.13"]
[Round "2"]
[White "Di Stefano, Salvatore"]
[Black "Liviabella, Lucio"]
[Result "1-0"]
[WhiteElo "1404"]
[BlackElo "1571"]
[PlyCount "50"]
[EventDate "2007.11.06"]

1. e4 c5 2. d4 cxd4 3. c3 dxc3 4. Nxc3 Nc6 5. Bc4 e6 6. Nf3 Na5 7. Bd3 a6 8. a3
b5 9. b4 Nc6 10. Bf4 Nf6 11. O-O d6 12. Re1 e5 13. Bg5 Be7 14. Rc1 Bd7 15. h3
h6 16. Bxf6 Bxf6 17. Bb1 Be7 18. Nd5 g5 19. Ba2 g4 20. hxg4 Bxg4 21. Rxc6 O-O
22. Nxe7+ Qxe7 23. Re3 Rfd8 24. Qd2 Kh8 25. Rd3 Rg8 1-0

[Event "Torneo FreeTUR"]
[Site "Torino ITA"]
[Date "2007.11.13"]
[Round "2"]
[White "Domenichelli, Serafino"]
[Black "Ragni, Paolo"]
[Result "1/2-1/2"]
[WhiteElo "1730"]
[BlackElo "2169"]
[PlyCount "110"]
[EventDate "2007.11.06"]

1. d4 Nf6 2. c4 e6 3. Nf3 b6 4. Nc3 Bb4 5. Bd2 Bb7 6. e3 O-O 7. Bd3 d5 8. cxd5
exd5 9. O-O Nbd7 10. a3 Be7 11. Rc1 Re8 12. Qc2 Nf8 13. Ne5 Bd6 14. f4 a6 15.
b4 c5 16. bxc5 bxc5 17. Rb1 Qc7 18. Rfc1 c4 19. Be2 Bxa3 20. Re1 Rab8 21. Qa4
Bd6 22. Bf3 Red8 23. Ne2 Rdc8 24. Ba5 Qe7 25. Rb2 Bxe5 26. fxe5 N6d7 27. Bb4
Qg5 28. Nf4 Bc6 29. Qa3 Rb5 30. Reb1 Qf5 31. Qxa6 Nb8 32. Qa3 Ne6 33. Nxe6 fxe6
34. Bd6 Qxb1+ 35. Rxb1 Rxb1+ 36. Kf2 Nd7 37. Qa6 Bb7 38. Qa2 Rb6 39. Bg4 Kf7
40. Qe2 Nf8 41. Qf3+ Kg8 42. Bc5 Rbc6 43. Qh3 Re8 44. Bd1 Rc7 45. Ba4 Bc6 46.
Bc2 Rf7+ 47. Ke2 g6 48. Qg3 Kg7 49. h4 Nd7 50. Bd6 Ra8 51. Kd2 Ra2 52. Kc3 Rf1
53. Qg5 Rc1 54. Qe7+ Kh6 55. Qg5+ Kg7 1/2-1/2

[Event "Torneo FreeTUR"]
[Site "Torino ITA"]
[Date "2007.11.13"]
[Round "2"]
[White "Figari, Andrea"]
[Black "Colamartino, Gianfranco"]
[Result "1-0"]
[WhiteElo "1563"]
[BlackElo "1440"]
[PlyCount "111"]
[EventDate "2007.11.06"]

1. e4 c5 2. Nf3 e6 3. Bc4 Nc6 4. O-O a6 5. a3 Nf6 6. d3 d5 7. exd5 exd5 8. Ba2
Be7 9. Bg5 O-O 10. Nc3 Bg4 11. h3 Be6 12. Ne2 h6 13. Bh4 Nh5 14. Bxe7 Qxe7 15.
Re1 Rae8 16. Nc3 Qd7 17. Ne5 Nxe5 18. Qxh5 Nc6 19. Nxd5 Bxd5 20. Qxd5 Qxd5 21.
Bxd5 Nd8 22. Be4 Kh8 23. Re3 Re7 24. Rae1 Rfe8 25. Bd5 Rxe3 26. Rxe3 Rxe3 27.
fxe3 b6 28. Kf2 g6 29. e4 Kg7 30. Ke3 Ne6 31. Bxe6 fxe6 32. Kf4 Kf6 33. e5+ Kf7
34. h4 Ke7 35. Ke4 Kd7 36. d4 cxd4 37. Kxd4 Kc6 38. c4 b5 39. b4 Kb6 40. g3 Kc6
41. Kc3 Kb6 42. Kb3 Kc6 43. a4 Kb6 44. g4 Kc6 45. axb5+ axb5 46. cxb5+ Kxb5 47.
Kc3 Kb6 48. Kc4 Kc6 49. Kd4 Kb5 50. Kc3 Kc6 51. Kc4 Kb6 52. b5 Kb7 53. Kc5 Kc7
54. b6+ Kb7 55. Kd6 Kxb6 56. Kxe6 1-0

[Event "Torneo FreeTUR"]
[Site "Torino ITA"]
[Date "2007.11.13"]
[Round "2"]
[White "Gallucci, Alessio"]
[Black "Marvin, Elio"]
[Result "1-0"]
[WhiteElo "2076"]
[BlackElo "1708"]
[PlyCount "43"]
[EventDate "2007.11.06"]

1. e4 e5 2. Nf3 d6 3. d4 exd4 4. Nxd4 Nf6 5. Nc3 Be7 6. Be3 O-O 7. f3 Nc6 8.
Qd2 a6 9. O-O-O d5 10. Qf2 dxe4 11. Nxc6 Qxd1+ 12. Nxd1 bxc6 13. Bc5 Bd6 14.
Bc4 exf3 15. gxf3 Nd5 16. Bxd6 cxd6 17. c3 a5 18. Rg1 Rd8 19. Ne3 Be6 20. f4 f5
21. Nc2 Bf7 22. Nd4 1-0

[Event "Torneo FreeTUR"]
[Site "Torino ITA"]
[Date "2007.11.13"]
[Round "2"]
[White "Gariglio, Marco"]
[Black "Rossotto, Bruno"]
[Result "1-0"]
[WhiteElo "1491"]
[BlackElo "1401"]
[PlyCount "59"]
[EventDate "2007.11.06"]

1. e4 e6 2. d4 d5 3. Nc3 c5 4. exd5 exd5 5. dxc5 Be6 6. Qe2 Nc6 7. Nf3 Be7 8.
Be3 Nf6 9. Nd4 O-O 10. Nxe6 fxe6 11. O-O-O Nd7 12. Qg4 Nxc5 13. Bxc5 Bg5+ 14.
Be3 Bxe3+ 15. fxe3 Qf6 16. Bd3 Ne5 17. Qh3 Nxd3+ 18. Rxd3 a6 19. Rd4 b5 20.
Rhd1 Rab8 21. a3 a5 22. e4 b4 23. axb4 axb4 24. Na2 b3 25. cxb3 Rfc8+ 26. Nc3
Rxb3 27. exd5 Qg5+ 28. R1d2 Qf5 29. Qxf5 exf5 30. d6 1-0

[Event "Torneo FreeTUR"]
[Site "Torino ITA"]
[Date "2007.11.13"]
[Round "2"]
[White "Gatti, Franco"]
[Black "Di Chiara, Mauro"]
[Result "0-1"]
[WhiteElo "1499"]
[BlackElo "1747"]
[PlyCount "52"]
[EventDate "2007.11.06"]

1. e4 c5 2. Nf3 Nc6 3. d4 cxd4 4. Nxd4 Nf6 5. Nxc6 bxc6 6. Nc3 e5 7. Bg5 h6 8.
Bd2 Be7 9. Bd3 O-O 10. O-O d5 11. exd5 cxd5 12. h3 e4 13. Bb5 Bb7 14. Ba4 d4
15. Ne2 Bc5 16. Ng3 Qc7 17. Nh1 e3 18. Bc1 exf2+ 19. Rxf2 d3 20. Qxd3 Rad8 21.
Qe2 Bxf2+ 22. Nxf2 Qg3 23. Nd3 Rd4 24. b3 Rh4 25. Kf1 Ng4 26. Qd2 Nh2+ 0-1

[Event "Torneo FreeTUR"]
[Site "Torino ITA"]
[Date "2007.11.13"]
[Round "2"]
[White "Martin, Tiziano"]
[Black "Capuzzimati, Fausto"]
[Result "1-0"]
[WhiteElo "2019"]
[BlackElo "1497"]
[PlyCount "61"]
[EventDate "2007.11.06"]

1. e4 c5 2. Nc3 d6 3. g3 e6 4. Bg2 Nc6 5. Nge2 Be7 6. O-O Nf6 7. d3 e5 8. h3
Bd7 9. Be3 a6 10. Qd2 Nd4 11. f4 b5 12. Nd1 Nxe2+ 13. Qxe2 Rc8 14. Nf2 h5 15.
c3 h4 16. g4 Bc6 17. a3 a5 18. d4 cxd4 19. cxd4 exd4 20. Bxd4 O-O 21. g5 Nh7
22. Qh5 Be8 23. Qxh4 Rc4 24. Rad1 Nxg5 25. fxg5 Bxg5 26. Qg3 f5 27. exf5 Rxf5
28. Ng4 Rxf1+ 29. Bxf1 Rxd4 30. Rxd4 Qb6 31. Qxd6 1-0

[Event "Torneo FreeTUR"]
[Site "Torino ITA"]
[Date "2007.11.13"]
[Round "2"]
[White "Parisi, Gianmario"]
[Black "Angioni, Gian Carlo"]
[Result "1/2-1/2"]
[WhiteElo "1647"]
[BlackElo "1811"]
[PlyCount "71"]
[EventDate "2007.11.06"]

1. e4 d5 2. Nc3 d4 3. Nce2 e5 4. d3 c5 5. g3 Be6 6. Bg2 Nc6 7. f4 f6 8. Nf3 Bd6
9. fxe5 fxe5 10. Ng5 Bd7 11. Ng1 Nf6 12. N1h3 Bg4 13. Nf3 c4 14. O-O O-O 15.
Bg5 Qd7 16. Nf2 Bxf3 17. Bxf3 b5 18. Bg2 Rae8 19. Bh3 Qc7 20. Qe2 a5 21. Ng4
Nxg4 22. Bxg4 c3 23. b3 Nb8 24. Bf5 Nc6 25. Rf2 g6 26. Bh3 Rxf2 27. Qxf2 Rf8
28. Qe2 Qg7 29. Qg4 Kh8 30. Qe6 Be7 31. Bxe7 Nxe7 32. Qg4 Qh6 33. Re1 Nc6 34.
a3 Qd2 35. Qe2 Qxe2 36. Rxe2 1/2-1/2

[Event "Torneo FreeTUR"]
[Site "Torino ITA"]
[Date "2007.11.13"]
[Round "2"]
[White "Pizzul, Aleksandar"]
[Black "Fassio, Francesco"]
[Result "0-1"]
[WhiteElo "1449"]
[BlackElo "1732"]
[PlyCount "66"]
[EventDate "2007.11.06"]

1. d4 d5 2. Nf3 Nf6 3. e3 Bg4 4. Nbd2 Nbd7 5. Be2 e6 6. O-O Bd6 7. c4 c5 8. b3
O-O 9. Bb2 Qc7 10. cxd5 Nxd5 11. dxc5 Bxc5 12. Ne4 Be7 13. Qd4 N7f6 14. Rfc1
Qb8 15. Nc5 Rd8 16. Qc4 Rc8 17. Qb5 Rxc5 18. Rxc5 a6 19. Qc4 b5 20. Qc1 Bxc5
21. Qxc5 Qb7 22. Rc1 Nd7 23. Qd4 f6 24. Qxg4 e5 25. Qe6+ Kh8 26. Qc6 Qxc6 27.
Rxc6 Nb4 28. a3 Nxc6 29. Nh4 Nc5 30. Bf3 e4 31. Bg4 Nxb3 32. Be6 Nc5 33. Bd5
Rd8 0-1

[Event "Torneo FreeTUR"]
[Site "Torino ITA"]
[Date "2007.11.13"]
[Round "2"]
[White "Raimondi, Andrea"]
[Black "Pitrola, Carlo"]
[Result "0-1"]
[WhiteElo "1443"]
[BlackElo "1602"]
[PlyCount "86"]
[EventDate "2007.11.06"]

1. d4 d5 2. e3 Bf5 3. c4 c6 4. Nc3 e6 5. Nf3 Bd6 6. Be2 dxc4 7. Bxc4 Nf6 8. a3
Nbd7 9. h3 O-O 10. O-O Qe7 11. Re1 e5 12. e4 Bg6 13. d5 Nc5 14. Bg5 h6 15. Bh4
Bh7 16. Bxf6 Qxf6 17. b4 Nd7 18. Bd3 c5 19. Rb1 Rac8 20. b5 c4 21. Bc2 Bxa3 22.
Nh2 Bc5 23. Qd2 a5 24. bxa6 bxa6 25. Rb7 Qd6 26. Reb1 Rb8 27. Na4 Rxb7 28. Rxb7
Bd4 29. Nf3 Nc5 30. Rb6 Nxe4 31. Rxd6 Nxd2 32. Bxh7+ Kxh7 33. Nxd2 c3 34. Nb3
Rb8 35. Nxd4 exd4 36. Nxc3 dxc3 37. Rc6 Rd8 38. Rxc3 Rxd5 39. Ra3 Rd6 40. g4
Kg6 41. Kg2 Kf6 42. Kg3 Ke5 43. Kf3 Kd4 0-1

[Event "Torneo FreeTUR"]
[Site "Torino ITA"]
[Date "2007.11.13"]
[Round "2"]
[White "Savarese, Ciro"]
[Black "Abbura', Davide"]
[Result "0-1"]
[WhiteElo "1416"]
[BlackElo "1697"]
[PlyCount "134"]
[EventDate "2007.11.06"]

1. e4 e6 2. f4 d5 3. e5 c5 4. Nf3 Nc6 5. Bb5 Bd7 6. O-O a6 7. Bxc6 Bxc6 8. d4
Nh6 9. Be3 Qb6 10. b3 Nf5 11. Bf2 cxd4 12. Nxd4 Nxd4 13. Qxd4 Qxd4 14. Bxd4 Be7
15. Nd2 O-O 16. Rf3 Rac8 17. c3 Bd7 18. Rg3 Bc5 19. Nf3 Rc7 20. Rc1 Rfc8 21.
Bxc5 Rxc5 22. Nd4 b5 23. Ne2 b4 24. h4 Bb5 25. c4 dxc4 26. bxc4 Bxc4 27. Nd4
Bxa2 28. Rxc5 Rxc5 29. Nb3 Rc3 30. Rxc3 bxc3 31. Nc1 Bb1 32. Kf2 a5 33. Ke3 a4
34. Kd4 c2 35. Kc3 a3 36. Nb3 a2 37. Kb2 h5 38. Kc1 Kh7 39. Kb2 Kg6 40. g3 Kf5
41. Nc1 Kg4 42. Ne2 Kf3 43. Nd4+ Kxg3 44. f5 c1=Q+ 45. Kxc1 a1=Q 46. Ne2+ Kxh4
47. fxe6 Bf5+ 48. Kd2 Bxe6 49. Nc3 Qa5 50. Kd3 Qxe5 51. Kd2 Qd4+ 52. Kc2 Bf5+
53. Kb2 g5 54. Kb3 Qd3 55. Kb4 g4 56. Nb5 Qxb5+ 57. Kxb5 g3 58. Kc5 g2 59. Kd5
Be6+ 60. Ke5 g1=Q 61. Kd6 f5 62. Kxe6 f4 63. Ke5 f3 64. Ke4 f2 65. Kd3 f1=Q+
66. Kc2 Qf3 67. Kd2 Qgg2+ 0-1

[Event "Torneo FreeTUR"]
[Site "Torino ITA"]
[Date "2007.11.13"]
[Round "2"]
[White "Tondo, Stefano"]
[Black "Portaro, Gaetano"]
[Result "1-0"]
[WhiteElo "1496"]
[BlackElo "1428"]
[PlyCount "119"]
[EventDate "2007.11.06"]

1. e4 Nc6 2. d4 e5 3. Nf3 d6 4. Bc4 Be7 5. h3 Nf6 6. Nc3 O-O 7. Be3 exd4 8.
Nxd4 Ne5 9. Bb3 Bd7 10. f4 Ng6 11. Qd2 Nh5 12. O-O-O a5 13. g4 Nf6 14. a3 Qc8
15. Nf5 Bd8 16. Bd4 b5 17. e5 Ne8 18. exd6 c5 19. Ne7+ Nxe7 20. dxe7 Bxe7 21.
Bxg7 Nxg7 22. Qxd7 Bf6 23. Qxc8 Raxc8 24. Nxb5 c4 25. Ba4 c3 26. bxc3 Bxc3 27.
Nxc3 Rxc3 28. Rd3 Rc4 29. Bb5 Rxf4 30. Rhd1 Ne6 31. a4 Rf2 32. R3d2 Rf3 33. h4
Rh3 34. h5 Rg3 35. Be2 Nf4 36. Bb5 Rxg4 37. Rd4 f5 38. h6 Ng6 39. Bc4+ Kh8 40.
Rd7 Rxc4 41. Ra7 Ne5 42. Rd5 Re8 43. Rxe5 Rec8 44. Ree7 Rxc2+ 45. Kd1 Rc1+ 46.
Kd2 R8c2+ 47. Kd3 Rc3+ 48. Kd4 Rc4+ 49. Ke5 Rc5+ 50. Kf6 Rc6+ 51. Re6 Rxe6+ 52.
Kxe6 Rc6+ 53. Kf7 Rg6 54. Rxa5 Rg8 55. Rxf5 Ra8 56. Re5 Ra7+ 57. Re7 Ra8 58.
Re8+ Rxe8 59. Kxe8 Kg8 60. a5 1-0